Ο μύθος της ψυχικής νόσου : μια πρόταση για μια διαφορετική θεώρηση και ψυχοθεραπευτική προσέγγιση της ψυχικής διαταραχής

Αποθηκεύτηκε σε:
Λεπτομέρειες βιβλιογραφικής εγγραφής
Κύριος συγγραφέας: Φάρος, Φιλόθεος, 1930-
Μορφή: Βιβλίο
Γλώσσα:Greek
Δημοσίευση: Αθήνα : Άρμος, 2016.
Έκδοση:15η έκδοση.
Θέματα:
Ετικέτες: Προσθήκη ετικέτας
Δεν υπάρχουν, Καταχωρήστε ετικέτα πρώτοι!

MARC

LEADER 00000cam a2200000 a 4500
001 1/122117
008 200922s2016####gr | ||| |||| ||gre||
020 |a 9789605271930 
040 |a GR-MyUa  |b gre  |c GR-MyUa  |e AACR2 
041 0 |a gre 
082 7 |a 616.8914   |2 (23) 
100 1 |a Φάρος, Φιλόθεος,   |d 1930- 
245 1 2 |a Ο μύθος της ψυχικής νόσου :   |b μια πρόταση για μια διαφορετική θεώρηση και ψυχοθεραπευτική προσέγγιση της ψυχικής διαταραχής /   |c π. Φιλόθεος Φάρος. 
250 |a 15η έκδοση. 
260 |a Αθήνα :   |b Άρμος,   |c 2016. 
300 |a 266 σ. ;   |c 21 εκ. 
504 |a Περιλαμβάνει βιβλιογραφικές παραπομπές. 
650 0 |a Mental illness  |x Treatment. 
650 0 |a Child psychotherapy  |x Case studies. 
852 |a INST  |b SYROS  |c EUDOXUS  |e 20200921  |h 616.8914 ΦΑΡ  |p 005500014804  |q 005500014804  |t EDX  |y 0 
920 |a Εύδοξος  |b Παραγγελία  |y Σύρος-ΤΜΣΠΣ  |z 2020-07 
970 |a Κοντού  |b Παρασκευή  |z 22/09/2020